| 000 | 01003nam a2200253Ia 4500 | ||
|---|---|---|---|
| 999 |
_c55892 _d55892 |
||
| 001 | 22990 | ||
| 003 | GE_BSU | ||
| 005 | 20230614163446.0 | ||
| 008 | 181216s ||||ge |||||||||||||| ||geo|| | ||
| 040 | _cGE_BSU | ||
| 041 | _ageo | ||
| 080 | _a821.353.1-92 ჯ-72 | ||
| 100 |
_aჯორჯაძე, არჩილ _917539 |
||
| 245 |
_aწერილები / _cარჩილ ჯორჯაძე ; შემდგ. ა. ბაქრაძე ; რედ. ი. ჯორბენაძე. |
||
| 264 |
_aთბილისი : _bმერანი, _c1989. |
||
| 300 |
_a764 გვ. ; _c21 სმ. |
||
| 541 | _h5 ლ. | ||
| 653 | _aლიტერატურული წერილები | ||
| 653 | _aქართული ლიტერატურა | ||
| 653 | _aწერილები | ||
| 700 |
_aბაქრაძე, ა. _eშემდგენელი _93627 |
||
| 700 |
_aჯორბენაძე, ი. _eრედაქტორი _918714 |
||
| 942 |
_cBK _2udc |
||